[Event "Barcelona Segura Memorial 2nd"]
[Site "Barcelona"]
[Date "2022.11.23"]
[Round "8"]
[White "Macaya Ruiz, Alfonso"]
[Black "Martin Garcia, Carlos"]
[Result "1-0"]
[WhiteElo "2064"]
[BlackElo "2043"]
[PlyCount "131"]
[EventDate "2022.09.28"]
[EventType "swiss"]
[EventRounds "9"]
[EventCountry "ESP"]
[SourceTitle "EXT 2024"]
[Source "ChessBase"]
[SourceDate "2023.10.10"]
[SourceVersion "1"]
[SourceVersionDate "2023.10.10"]
[SourceQuality "1"]

1. Nf3 Nf6 2. c4 c5 3. g3 g6 4. Bg2 Bg7 5. 0-0 0-0 6. Nc3 Nc6 7. d4 cxd4 8. Nxd4 Nxd4 9. Qxd4 d6 10. Qd3 a6 11. Bd2 Nd7 12. b3 Nc5 13. Qc2 Bf5 14. e4 Bd7 15. a4 Qb6 16. Rab1 f5 17. a5 Qd8 18. b4 Ne6 19. f4 Nd4 20. Qd3 fxe4 21. Bxe4 Bf5 22. Be3 Nc6 23. Nd5 e5 24. Nb6 exf4 25. Rxf4 Bxe4 26. Qxe4 Rxf4 27. Bxf4 Bd4+ 28. Kg2 Bxb6 29. axb6 Qe8 30. Qxe8+ Rxe8 31. Bxd6 Re2+ 32. Kh3 Kf7 33. b5 axb5 34. Rxb5 Rc2 35. Rc5 Rb2 36. Bc7 Ke6 37. g4 Rb4 38. Kg3 h6 39. Kf4 Nd4 40. Ke4 Ne2 41. Kd3 Nc1+ 42. Kc2 Na2 43. Ra5 Rxc4+ 44. Kb3 Rxg4 45. Rxa2 Kd7 46. Rc2 h5 47. Rc4 Rg2 48. Kb4 g5 49. Kc5 g4 50. Rd4+ Ke7 51. Kd5 h4 52. Rd3 g3 53. hxg3 hxg3 54. Bxg3 Rc2 55. Rd4 Rc6 56. Bc7 Rh6 57. Kc5 Rh5+ 58. Rd5 Rh1 59. Bd8+ Ke8 60. Bc7 Ke7 61. Rd8 Rc1+ 62. Kb4 Rb1+ 63. Kc3 Ra1 64. Rb8 Kd7 65. Rxb7 Ra8 66. Rb8 1-0

[Event "Catalunya-chT Gp1"]
[Site "Barcelona"]
[Date "2022.01.22"]
[Round "1.8"]
[White "Alcala Gonzalez, Cesar"]
[Black "Macaya Ruiz, Alfonso"]
[Result "1/2-1/2"]
[WhiteElo "2198"]
[BlackElo "2049"]
[PlyCount "80"]
[EventDate "2022.01.22"]
[EventType "team-tourn"]
[EventRounds "9"]
[EventCountry "ESP"]
[SourceTitle "CBM 206 Extra"]
[Source "ChessBase"]
[SourceDate "2022.03.31"]
[SourceVersion "1"]
[SourceVersionDate "2022.03.31"]
[SourceQuality "1"]
[WhiteTeam "Barcelona Escacs CC"]
[BlackTeam "Sant Cugat"]
[WhiteTeamCountry "ESP"]
[BlackTeamCountry "ESP"]

1. d4 Nf6 2. c4 e6 3. Nc3 Bb4 4. g3 d5 5. Bg2 0-0 6. Nf3 c5 7. 0-0 cxd4 8. Nxd4 Bxc3 9. bxc3 Ne4 10. Qc2 Bd7 11. Rd1 Qa5 12. Be3 Qa4 13. Bxe4 dxe4 14. Qxe4 Bc6 15. Qg4 Kh8 16. Nf3 Bxf3 17. Qxf3 Qxc4 18. Rd4 Qa6 19. Rad1 Nc6 20. Rh4 Qb5 21. g4 Qe5 22. Qh3 Qe4 23. g5 Qg6 24. Rd7 Qb1+ 25. Kg2 Ne5 26. Rxb7 Qxb7+ 27. f3 h6 28. Bd4 Qd5 29. Rxh6+ gxh6 30. Qxh6+ Kg8 31. Qf6 Rfc8 32. Bxe5 Kf8 33. g6 Qb7 34. Qg7+ Ke8 35. Qg8+ Kd7 36. Qxf7+ Kc6 37. Qxe6+ Kb5 38. Qb3+ Kc6 39. Qe6+ Kb5 40. Qb3+ Kc6 1/2-1/2

[Event "Catalunya-chT Gp1"]
[Site "Barcelona"]
[Date "2020.02.29"]
[Round "7.9"]
[White "Chalmeta Ugas, Jordi Ramon"]
[Black "Macaya Ruiz, Alfonso"]
[Result "1/2-1/2"]
[WhiteElo "2173"]
[BlackElo "2045"]
[PlyCount "37"]
[EventDate "2020.01.18"]
[EventType "team-tourn"]
[EventRounds "7"]
[EventCountry "ESP"]
[SourceTitle "CBM 195 Extra"]
[Source "ChessBase"]
[SourceDate "2020.05.31"]
[SourceVersion "1"]
[SourceVersionDate "2020.05.31"]
[SourceQuality "1"]
[WhiteTeam "Foment Martinenc"]
[BlackTeam "Sant Cugat"]
[WhiteTeamCountry "ESP"]
[BlackTeamCountry "ESP"]

1. d4 Nf6 2. c4 e6 3. Nc3 Bb4 4. Qc2 0-0 5. Nf3 c5 6. dxc5 Na6 7. g3 Nxc5 8. Bg2 Nfe4 9. Bd2 Nxd2 10. Nxd2 Qa5 11. 0-0 Bxc3 12. bxc3 Qc7 13. Ne4 Rb8 14. Nxc5 Qxc5 15. Rfd1 b6 16. Qa4 b5 17. cxb5 Rxb5 18. Qd4 d5 19. Rab1 1/2-1/2

[Event "Barcelona Martorell-ch 37th"]
[Site "Barcelona"]
[Date "2019.10.05"]
[Round "4"]
[White "Munoz Pantoja, Miguel Angel"]
[Black "Macaya Ruiz, Alfonso"]
[Result "1/2-1/2"]
[WhiteElo "2519"]
[BlackElo "2012"]
[PlyCount "27"]
[EventDate "2019.09.14"]
[EventType "swiss"]
[EventRounds "9"]
[EventCountry "ESP"]
[SourceTitle "CBM 193 Extra"]
[Source "ChessBase"]
[SourceDate "2020.01.31"]
[SourceVersion "1"]
[SourceVersionDate "2020.01.31"]
[SourceQuality "1"]

1. e4 c5 2. Nf3 Nc6 3. d4 cxd4 4. Nxd4 e6 5. Nb5 d6 6. Bf4 e5 7. Be3 Nf6 8. N1c3 a6 9. Na3 Be6 10. Be2 Be7 11. Nc4 b5 12. Nb6 Rb8 13. Nbd5 0-0 14. 0-0 1/2-1/2

[Event "La Pobla de Lillet op-A 29th"]
[Site "La Pobla de Lillet"]
[Date "2019.08.05"]
[Round "4"]
[White "Touzane, Olivier"]
[Black "Macaya Ruiz, Alfonso"]
[Result "1-0"]
[WhiteElo "2268"]
[BlackElo "2011"]
[PlyCount "91"]
[EventDate "2019.08.02"]
[EventType "swiss"]
[EventRounds "9"]
[EventCountry "ESP"]
[SourceTitle "EXT 2022"]
[Source "ChessBase"]
[SourceDate "2021.10.06"]
[SourceVersion "1"]
[SourceVersionDate "2021.10.06"]
[SourceQuality "1"]

1. d4 Nf6 2. Bf4 d5 3. e3 e6 4. Nd2 Bd6 5. Bg3 c5 6. c3 b6 7. Ngf3 0-0 8. Ne5 Ba6 9. Bxa6 Nxa6 10. Bh4 Nc7 11. 0-0 Nce8 12. f4 Qc7 13. Rf3 Be7 14. Rh3 g6 15. Bg5 Nd6 16. Qe1 Nh5 17. g4 Bxg5 18. fxg5 f6 19. Nef3 Ng7 20. gxf6 Rxf6 21. Qh4 Nge8 22. Ng5 h5 23. Kh1 Ng7 24. Nh7 Rf7 25. Nf6+ Kf8 26. Qg5 Nge8 27. Nxe8 Rxe8 28. Qxg6 hxg4 29. Qxg4 Ke7 30. Nf3 Kd8 31. Ng5 Rfe7 32. Rh6 Qd7 33. Rf1 Nf5 34. Nxe6+ Rxe6 35. Rxe6 Qxe6 36. Qxf5 Qxe3 37. Qxd5+ Kc8 38. Qa8+ Kc7 39. Qxa7+ Kc6 40. Qa4+ b5 41. Qa6+ Kd5 42. Qb7+ Kc4 43. Qf7+ Re6 44. b3+ Kd5 45. Qd7+ Rd6 46. Qb7+ 1-0

[Event "Roncana op-A 12th"]
[Site "Santa Eulalia de Roncana"]
[Date "2018.11.17"]
[Round "7"]
[White "Bernado Lopez, Roger"]
[Black "Macaya Ruiz, Alfonso"]
[Result "1/2-1/2"]
[WhiteElo "1722"]
[BlackElo "2006"]
[PlyCount "77"]
[EventDate "2018.09.29"]
[EventType "swiss"]
[EventRounds "8"]
[EventCountry "ESP"]
[SourceTitle "CBM 187 Extra"]
[Source "ChessBase"]
[SourceDate "2018.11.04"]
[SourceVersion "1"]
[SourceVersionDate "2018.11.04"]
[SourceQuality "1"]

1. e4 c5 2. Nf3 e6 3. d4 cxd4 4. Nxd4 Nf6 5. Nc3 d6 6. g4 Nc6 7. g5 Nd7 8. Be3 Be7 9. h4 Nb6 10. f4 h6 11. Qh5 g6 12. Qf3 h5 13. Bh3 Nc4 14. Nxc6 bxc6 15. 0-0-0 Nxe3 16. Qxe3 Qb6 17. Qd4 Qxd4 18. Rxd4 d5 19. exd5 cxd5 20. Re1 Bb7 21. a3 Bc5 22. Rd2 0-0 23. Nb5 a6 24. Nc7 Rad8 25. Nxe6 fxe6 26. Rxe6 Rd6 27. b4 Bxb4 28. axb4 Rxe6 29. Bxe6+ Kg7 30. f5 gxf5 31. Bxd5 Bxd5 32. Rxd5 f4 33. Kd2 f3 34. Rd7+ Kg8 35. Ke1 Rf4 36. Kf2 Rxb4 37. Kxf3 Rxh4 38. Ra7 Rg4 39. Rxa6 1/2-1/2

[Event "Barcelona Vila de Gracia Seniors 55+ op"]
[Site "Barcelona"]
[Date "2018.05.14"]
[Round "9"]
[White "Brusi Noguera, Ricardo Ll"]
[Black "Macaya Ruiz, Alfonso"]
[Result "1-0"]
[WhiteElo "2145"]
[BlackElo "2031"]
[PlyCount "105"]
[EventDate "2018.03.05"]
[EventType "swiss"]
[EventRounds "9"]
[EventCountry "ESP"]
[SourceTitle "EXT 2019"]
[Source "ChessBase"]
[SourceDate "2018.10.10"]
[SourceVersion "1"]
[SourceVersionDate "2018.10.10"]
[SourceQuality "1"]

1. d4 d5 2. c4 e6 3. Nc3 c5 4. cxd5 exd5 5. Nf3 Nc6 6. dxc5 d4 7. Na4 Bxc5 8. Nxc5 Qa5+ 9. Bd2 Qxc5 10. Rc1 Qb6 11. e3 Nf6 12. Bc4 0-0 13. 0-0 Bg4 14. exd4 Nxd4 15. Be3 Bxf3 16. Qxd4 Qxd4 17. Bxd4 Bc6 18. Rfe1 Rfe8 19. Rxe8+ Nxe8 20. f3 Nd6 21. Bb3 a6 22. Rd1 Nf5 23. Bb6 g6 24. Kf2 Ng7 25. Bd5 Ne6 26. Bxc6 bxc6 27. Rc1 Nf4 28. Rxc6 Nd3+ 29. Ke2 Nb4 30. Rd6 Nxa2 31. Kd2 Nb4 32. Kc3 Na2+ 33. Kb3 Nc1+ 34. Ka4 Ne2 35. Ka5 Nf4 36. Rd8+ Rxd8 37. Bxd8 Nxg2 38. Kxa6 Nf4 39. b4 Nd5 40. b5 f6 41. b6 Nxb6 42. Kxb6 Kf7 43. Kc5 Ke6 44. Kd4 Kf5 45. Ke3 g5 46. Bc7 h5 47. Kf2 g4 48. Ba5 gxf3 49. Kxf3 Kg5 50. Be1 Kf5 51. h4 Ke5 52. Bc3+ Kf5 53. Bb2 1-0

[Event "Barcelona Vila de Gracia Seniors 55+ op"]
[Site "Barcelona"]
[Date "2018.04.30"]
[Round "7"]
[White "Prats Rodriguez, Juan Bosco"]
[Black "Macaya Ruiz, Alfonso"]
[Result "1/2-1/2"]
[WhiteElo "1986"]
[BlackElo "2031"]
[PlyCount "50"]
[EventDate "2018.03.05"]
[EventType "swiss"]
[EventRounds "9"]
[EventCountry "ESP"]
[SourceTitle "EXT 2019"]
[Source "ChessBase"]
[SourceDate "2018.10.10"]
[SourceVersion "1"]
[SourceVersionDate "2018.10.10"]
[SourceQuality "1"]

1. e4 c5 2. Nc3 Nc6 3. g3 g6 4. Bg2 Bg7 5. d3 d6 6. Be3 Rb8 7. Qd2 b5 8. Nge2 b4 9. Nd1 Qb6 10. 0-0 e5 11. f4 Nd4 12. Kh1 Ne7 13. fxe5 dxe5 14. Ng1 0-0 15. c3 bxc3 16. bxc3 Ne6 17. Bh6 Ba6 18. Bxg7 Kxg7 19. Nf3 f6 20. Ne3 Rfd8 21. c4 Nd4 22. Nd5 Nxd5 23. exd5 Nxf3 24. Bxf3 Bc8 25. g4 Bd7 1/2-1/2

[Event "Barcelona Vila de Gracia Seniors 55+ op"]
[Site "Barcelona"]
[Date "2018.04.16"]
[Round "5"]
[White "Macaya Ruiz, Alfonso"]
[Black "Cabrera Marmol, Manel"]
[Result "1-0"]
[WhiteElo "2031"]
[BlackElo "1844"]
[PlyCount "53"]
[EventDate "2018.03.05"]
[EventType "swiss"]
[EventRounds "9"]
[EventCountry "ESP"]
[SourceTitle "EXT 2019"]
[Source "ChessBase"]
[SourceDate "2018.10.10"]
[SourceVersion "1"]
[SourceVersionDate "2018.10.10"]
[SourceQuality "1"]

1. d4 d5 2. c4 c6 3. Nc3 Nf6 4. e3 e6 5. Nf3 Be7 6. b3 Nbd7 7. Bd3 Qc7 8. 0-0 b6 9. Bb2 Bb7 10. Rc1 dxc4 11. Bxc4 Rc8 12. Qe2 Qb8 13. e4 h5 14. Rfe1 b5 15. Bd3 Bb4 16. a3 Bxc3 17. Bxc3 Nb6 18. Bd2 Kf8 19. Bb4+ Kg8 20. e5 Nfd5 21. Bd6 Qa8 22. Ng5 Rd8 23. Qf3 Rd7 24. Ne4 Rxd6 25. Nxd6 f5 26. Bxf5 Qf8 27. Bxe6+ 1-0

[Event "Barcelona Vila Gracia Seniors 55 op 4th"]
[Site "Barcelona"]
[Date "2017.04.10"]
[Round "6.2"]
[White "Vallbona Domingo, Joan"]
[Black "Macaya Ruiz, Alfonso"]
[Result "1-0"]
[WhiteElo "1891"]
[BlackElo "2078"]
[PlyCount "58"]
[EventDate "2017.03.06"]
[EventType "swiss"]
[EventRounds "9"]
[EventCountry "ESP"]
[SourceTitle "EXT 2024"]
[Source "ChessBase"]
[SourceDate "2023.10.10"]
[SourceVersion "1"]
[SourceVersionDate "2023.10.10"]
[SourceQuality "1"]

1. c4 e6 2. Nc3 d5 3. e3 c5 4. d4 Nf6 5. Nf3 a6 6. b3 cxd4 7. exd4 Bb4 8. Bd2 dxc4 9. bxc4 Nc6 10. Be2 0-0 11. Qb3 Ba5 12. Rd1 Nxd4 13. Nxd4 Qxd4 14. 0-0 Qb6 15. Qc2 Qc6 16. Nd5 Bd8 17. Nxf6+ Bxf6 18. Bf3 Qc7 19. Bb4 Be7 20. Bxe7 Qxe7 21. c5 Rb8 22. Rd2 e5 23. Rfd1 Be6 24. Rd6 Rfc8 25. Qb2 Rxc5 26. Qxb7 Qxd6 27. Rxd6 Rb5 28. Qc7 g6 29. h3 R5b7 1-0

[Event "Barcelona Vila Gracia Seniors 55 op 4th"]
[Site "Barcelona"]
[Date "2017.03.13"]
[Round "2.3"]
[White "Soler Font, Tomas"]
[Black "Macaya Ruiz, Alfonso"]
[Result "1/2-1/2"]
[WhiteElo "1828"]
[BlackElo "2078"]
[PlyCount "77"]
[EventDate "2017.03.06"]
[EventType "swiss"]
[EventRounds "9"]
[EventCountry "ESP"]
[SourceTitle "EXT 2024"]
[Source "ChessBase"]
[SourceDate "2023.10.10"]
[SourceVersion "1"]
[SourceVersionDate "2023.10.10"]
[SourceQuality "1"]

1. e4 c6 2. d4 d5 3. e5 c5 4. Bb5+ Bd7 5. Bxd7+ Qxd7 6. c3 Nc6 7. Nf3 e6 8. a3 Rc8 9. b4 cxd4 10. cxd4 Qc7 11. 0-0 Qb6 12. Be3 Nge7 13. Nc3 Nf5 14. Qd3 Be7 15. Nxd5 Qd8 16. Nxe7 Ncxe7 17. Bg5 Qd5 18. Rac1 h6 19. Bxe7 Nxe7 20. Rxc8+ Nxc8 21. Rc1 0-0 22. h3 Nb6 23. Rc5 Qd7 24. Qb5 Qe7 25. Qa5 Ra8 26. Rc2 Qd7 27. b5 Nd5 28. a4 a6 29. bxa6 Rxa6 30. Qb5 Qxb5 31. axb5 Ra1+ 32. Kh2 Rb1 33. Nd2 Rxb5 34. Nc4 Rb4 35. Nd6 Kh7 36. Nxf7 Rxd4 37. Nd8 Re4 38. Nxb7 Rxe5 39. Rc5 1/2-1/2

[Event "La Pobla de Lillet op 24th"]
[Site "La Pobla de Lillet"]
[Date "2014.08.05"]
[Round "4"]
[White "Masachs Vendrell, Francesco"]
[Black "Macaya Ruiz, Alfonso"]
[Result "0-1"]
[WhiteElo "2010"]
[BlackElo "2117"]
[PlyCount "36"]
[EventDate "2014.08.02"]
[EventType "swiss"]
[EventRounds "9"]
[EventCountry "ESP"]
[SourceTitle "EXT 2017"]
[Source "ChessBase"]
[SourceDate "2016.10.25"]
[SourceVersion "1"]
[SourceVersionDate "2016.10.25"]
[SourceQuality "1"]

1. d4 d5 2. e4 c6 3. c4 dxe4 4. Nc3 e5 5. Qh5 exd4 6. Qe5+ Be6 7. Nxe4 c5 8. Bg5 Nc6 9. Qg3 f6 10. Bf4 Qd7 11. Bd6 b6 12. 0-0-0 Nh6 13. Bxf8 Kxf8 14. Bd3 Nb4 15. Qf4 Nf7 16. Nh3 Bxh3 17. gxh3 Qxh3 18. Ng5 Qxd3 0-1

[Event "La Pobla de Lillet op 23rd"]
[Site "La Pobla de Lillet"]
[Date "2013.08.07"]
[Round "6"]
[White "Bautista Sanchez, Joan"]
[Black "Macaya Ruiz, Alfonso"]
[Result "1-0"]
[WhiteElo "2185"]
[BlackElo "2096"]
[PlyCount "93"]
[EventDate "2013.08.02"]
[EventType "swiss"]
[EventRounds "9"]
[EventCountry "ESP"]
[SourceTitle "EXT 2014"]
[Source "ChessBase"]
[SourceDate "2013.11.20"]
[SourceVersion "1"]
[SourceVersionDate "2013.11.20"]
[SourceQuality "1"]

1. Nf3 d5 2. c4 e6 3. e3 c5 4. d4 Nc6 5. Nc3 Nf6 6. Bd3 cxd4 7. exd4 Nb4 8. c5 Nxd3+ 9. Qxd3 Bd7 10. Ne5 Ne4 11. Nxd7 Qxd7 12. Nxe4 dxe4 13. Qxe4 0-0-0 14. Be3 Be7 15. 0-0 Qd5 16. Qc2 Bf6 17. Qa4 Kb8 18. Rfd1 h5 19. Rac1 Qc6 20. Qxc6 bxc6 21. Bf4+ Kb7 22. Bd6 Rd7 23. Rc4 Rhd8 24. Rd3 Ka8 25. f4 g6 26. Kf2 Rb7 27. b3 Rdd7 28. Ra4 Rb5 29. Ke2 Bd8 30. b4 Rdb7 31. Ra6 Bc7 32. Rxc6 Bxd6 33. Rxd6 Rxb4 34. Rd8+ Rb8 35. Rxb8+ Rxb8 36. Rb3 Rc8 37. Kd3 Rc6 38. a4 Ra6 39. Rb4 f5 40. h4 Rc6 41. Kc4 Rc8 42. d5 exd5+ 43. Kxd5 Rd8+ 44. Kc6 Rf8 45. Kd7 Rf7+ 46. Ke6 Rf8 47. c6 1-0

[Event "Barbera del Valles op 29th"]
[Site "Barbera del Valles"]
[Date "2006.07.13"]
[Round "9"]
[White "Macaya Ruiz, Alfonso"]
[Black "Losada Carrera, Francisco Javier"]
[Result "1/2-1/2"]
[WhiteElo "2051"]
[BlackElo "2199"]
[PlyCount "47"]
[EventDate "2006.07.05"]
[EventType "swiss"]
[EventRounds "9"]
[EventCountry "ESP"]
[SourceTitle "CBM 113 Extra"]
[Source "ChessBase"]
[SourceDate "2006.09.14"]
[SourceVersion "1"]
[SourceVersionDate "2006.09.14"]
[SourceQuality "1"]

1. d4 Nf6 2. c4 c5 3. d5 b5 4. Nf3 g6 5. Nbd2 d6 6. e4 Bg7 7. Bd3 bxc4 8. Nxc4 0-0 9. 0-0 Nbd7 10. Bd2 Nb6 11. Qc2 e6 12. dxe6 Bxe6 13. Ng5 d5 14. Nxe6 fxe6 15. exd5 exd5 16. Ne3 Rc8 17. Ba6 Rc7 18. Rad1 Ne4 19. Ba5 Bd4 20. Bxb6 axb6 21. Nxd5 Bxf2+ 22. Rxf2 Nxf2 23. Rd2 Rcf7 24. Bc4 1/2-1/2